Nhà văn hiện đại : Phê bình văn học
Sách viết về hơn bẩy mươi nhà văn tóm tắt những điều cốt yếu trong những văn phẩm sản xuất trong khoảng ba bốn mưới năm gần đây để những người lưu tâm đến văn chương tiện việc tra cứu và có thể biết qua về sự tiến hóa của vă...
保存先:
| 第一著者: | |
|---|---|
| フォーマット: | 図書 |
| 言語: | Undetermined |
| 出版事項: |
Hà Nội
Văn học
1994
|
| 主題: | |
| タグ: |
タグ追加
タグなし, このレコードへの初めてのタグを付けませんか!
|
| Thư viện lưu trữ: | Trung tâm Học liệu Trường Đại học Cần Thơ |
|---|
| LEADER | 01012nam a2200229Ia 4500 | ||
|---|---|---|---|
| 001 | CTU_140484 | ||
| 008 | 210402s9999 xx 000 0 und d | ||
| 020 | |c 57000 | ||
| 082 | |a 809 | ||
| 082 | |b Ph105/T.2 | ||
| 100 | |a Vũ, Ngọc Phan | ||
| 245 | 0 | |a Nhà văn hiện đại : | |
| 245 | 0 | |b Phê bình văn học | |
| 245 | 0 | |c Vũ Ngọc Phan | |
| 260 | |a Hà Nội | ||
| 260 | |b Văn học | ||
| 260 | |c 1994 | ||
| 520 | |a Sách viết về hơn bẩy mươi nhà văn tóm tắt những điều cốt yếu trong những văn phẩm sản xuất trong khoảng ba bốn mưới năm gần đây để những người lưu tâm đến văn chương tiện việc tra cứu và có thể biết qua về sự tiến hóa của văn học hiện đại. | ||
| 650 | |a Vietnamese literature | ||
| 650 | |x History and criticism | ||
| 904 | |i Trọng Hải | ||
| 980 | |a Trung tâm Học liệu Trường Đại học Cần Thơ | ||